Vplyv dotácií a grantov na ekonomiku krajiny bakalárska práca

Salvato in:
Dettagli Bibliografici
Autore principale: Vachová, Veronika
Ente Autore: Obchodná fakulta EU. Katedra tovaroznalectva a kvality tovaru
Altri autori: Štefaňák, Peter
Natura: Libro
Lingua:slovacco
Pubblicazione: Bratislava 2011
Tags: Aggiungi Tag
Nessun Tag, puoi essere il primo ad aggiungerne!!

MARC

LEADER 00000nam a2200000 4500
001 0151942
005 20240320072214.5
041 0 |a slo 
044 |a SK 
245 1 0 |a Vplyv dotácií a grantov na ekonomiku krajiny  |b bakalárska práca  |c Veronika Vachová ; školiteľ: Peter Štefaňák 
264 1 |a Bratislava  |c 2011 
300 |a 44 s. 
100 1 |a Vachová, Veronika 
700 1 |a Štefaňák, Peter 
710 2 |a Obchodná fakulta EU. Katedra tovaroznalectva a kvality tovaru